000 00471nam a2200181Ia 4500
001 9260
005 20260306160710.0
008 260306t1998||||xx |||||||||||||| ||spa||
041 _aESP
082 _a378.007
_bR47
100 _aReynoso Días, Juan
_eAUT
245 0 _aFormación académica profesional científica y humanista en la universidad
260 _c1998
300 _a157 páginas :
_c21 cm.
650 _aGEN
654 _aCED
942 _cLIB
_dJUS
_fJUS
_2ddc
_n
999 _c9260
_d9260